[Event "NED-ch U14"]
[Site "Almelo"]
[Date "2021.08.06"]
[Round "8"]
[White "Kumar, Prayan Sai"]
[Black "Sazonov, Fedor"]
[Result "1/2-1/2"]
[WhiteElo "1652"]
[BlackElo "1650"]
[PlyCount "179"]
[EventDate "2021.08.01"]
[EventType "swiss"]
[EventRounds "9"]
[EventCountry "NED"]
[SourceTitle "EXT 2022"]
[Source "ChessBase"]
[SourceDate "2021.10.06"]
[SourceVersion "1"]
[SourceVersionDate "2021.10.06"]
[SourceQuality "1"]

1. d4 d5 2. c4 e6 3. cxd5 exd5 4. Nc3 c6 5. Nf3 Be7 6. Bf4 Nf6 7. e3 Bf5 8. Be2 0-0 9. 0-0 Nbd7 10. a3 a5 11. Bd3 Bxd3 12. Qxd3 Re8 13. Rab1 a4 14. Ne2 Ne4 15. Nd2 Ndf6 16. Nxe4 Nxe4 17. Rbd1 Bd6 18. Bxd6 Nxd6 19. Nc3 Nc4 20. Qc2 b5 21. Na2 Qg5 22. Nb4 Re6 23. Nd3 h5 24. Nf4 Rf6 25. Qe2 Qg4 26. Qxg4 hxg4 27. Nd3 Re6 28. Rfe1 Kf8 29. Re2 f5 30. g3 Ke7 31. Kg2 Kd6 32. Nf4 Re4 33. Rc2 Rae8 34. Rdc1 g5 35. Nd3 Rc8 36. Nc5 Re7 37. Kf1 Rcc7 38. Kg2 Rc8 39. Kf1 Rh7 40. Kg2 Rch8 41. Rh1 Ra7 42. Rhc1 Rb8 43. Nd3 Rab7 44. Kg1 Rb6 45. Kg2 Kc7 46. Kg1 Kb7 47. Nc5+ Kc7 48. Nd3 Kd6 49. Kg2 Na5 50. Nb4 Rc8 51. Nd3 Nb3 52. Rh1 Rbb8 53. Re1 Rc7 54. Rd1 Rbb7 55. Re1 c5 56. dxc5+ Nxc5 57. Nxc5 Rxc5 58. Rxc5 Kxc5 59. Rc1+ Kd6 60. Kf1 Rc7 61. Rxc7 Kxc7 62. Ke2 Kd6 63. Kd2 Ke5 64. Kd3 Ke6 65. Kc3 Ke5 66. Kb4 Ke4 67. Kxb5 Kf3 68. Kxa4 Kxf2 69. b4 Kxe3 70. b5 d4 71. b6 d3 72. b7 d2 73. b8Q d1Q+ 74. Ka5 Qd2+ 75. Ka4 Qc2+ 76. Ka5 Qc5+ 77. Ka4 Qc4+ 78. Ka5 Qc5+ 79. Ka4 Qc6+ 80. Ka5 Kd4 81. Qb4+ Qc4 82. Qd2+ Kc5 83. Qb4+ Kd5 84. Qb7+ Kd4 85. Qg7+ Ke4 86. Qxg5 Qc5+ 87. Ka4 Qc2+ 88. Ka5 Qc5+ 89. Ka4 Qa7+ 90. Kb3 1/2-1/2

[Event "NED-ch U14"]
[Site "Almelo"]
[Date "2021.08.03"]
[Round "4"]
[White "Blom, Rens"]
[Black "Sazonov, Fedor"]
[Result "1-0"]
[WhiteElo "1650"]
[BlackElo "1650"]
[PlyCount "63"]
[EventDate "2021.08.01"]
[EventType "swiss"]
[EventRounds "9"]
[EventCountry "NED"]
[SourceTitle "EXT 2022"]
[Source "ChessBase"]
[SourceDate "2021.10.06"]
[SourceVersion "1"]
[SourceVersionDate "2021.10.06"]
[SourceQuality "1"]

1. c4 c5 2. Nc3 Nc6 3. Nf3 g6 4. g3 Bg7 5. Bg2 Nh6 6. 0-0 0-0 7. e3 e6 8. d4 b6 9. d5 exd5 10. cxd5 Ne5 11. Nxe5 Bxe5 12. d6 Rb8 13. Nd5 Bxd6 14. e4 Kg7 15. Ne3 Be7 16. f4 f5 17. e5 Bb7 18. Bxb7 Rxb7 19. b3 d6 20. Bb2 dxe5 21. Qf3 Rd7 22. fxe5 Rd2 23. Rad1 Ng4 24. Bc3 Rd3 25. Nxf5+ Rxf5 26. Qxd3 Rxf1+ 27. Qxf1 Qe8 28. e6+ Nf6 29. Rd7 Qf8 30. Qf4 Kg8 31. Rxe7 Qxe7 32. Qxf6 1-0

[Event "Wch FIDE Online U12 Europe qual"]
[Site "Tornelo INT"]
[Date "2020.12.09"]
[Round "7"]
[White "Sazonov, Fedor"]
[Black "Thatte, Nishchal"]
[Result "0-1"]
[WhiteElo "1436"]
[BlackElo "1828"]
[PlyCount "172"]
[EventDate "2020.12.07"]
[EventType "swiss (rapid)"]
[EventRounds "7"]
[EventCountry "ISS"]
[SourceTitle "EXT 2022"]
[Source "ChessBase"]
[SourceDate "2021.10.06"]
[SourceVersion "1"]
[SourceVersionDate "2021.10.06"]
[SourceQuality "1"]

1. d4 Nf6 2. c4 e6 3. Nf3 b6 4. g3 Bb7 5. Bg2 Be7 6. 0-0 0-0 7. Nc3 Ne4 8. Qc2 Nxc3 9. Qxc3 c5 10. Bf4 Nc6 11. Rad1 Rc8 12. e4 cxd4 13. Nxd4 Ba6 14. Nxc6 Rxc6 15. b3 b5 16. e5 Rc8 17. Rd4 Bc5 18. Rd2 bxc4 19. bxc4 Bxc4 20. Rfd1 Qb6 21. Qb2 Qxb2 22. Rxb2 Rc7 23. Rbd2 Rb8 24. h4 Bb5 25. Rb2 Rcc8 26. Bf1 Bc6 27. Rxb8 Rxb8 28. Bg2 Bxg2 29. Kxg2 Rb2 30. Rxd7 Rxf2+ 31. Kh3 h6 32. a4 Ra2 33. Rc7 Bb6 34. Rc4 Kh7 35. Kg4 Kg6 36. Kf3 h5 37. Ke4 Re2+ 38. Kd3 Ra2 39. Rc3 Rxa4 40. Be3 Bxe3 41. Kxe3 Kf5 42. Rc5 Re4+ 43. Kf3 Rxe5 44. Rc7 Kg6 45. Rxa7 Rb5 46. Rc7 Rb4 47. Rd7 e5 48. Rd5 Kf6 49. Rc5 g6 50. Ra5 Rb7 51. Ra6+ Kf5 52. Ra5 Rb3+ 53. Kg2 Rd3 54. Rb5 f6 55. Ra5 Kg4 56. Ra4+ Rd4 57. Ra6 Rd2+ 58. Kf1 Kf5 59. Ra3 Rb2 60. Rc3 Rb6 61. Ra3 Rd6 62. Rc3 Rd4 63. Kg2 Kg4 64. Rc2 g5 65. hxg5 fxg5 66. Ra2 e4 67. Rb2 e3 68. Re2 Rd2 69. Kf1 Kf3 70. Re1 Rf2+ 71. Kg1 e2 72. g4 Rf1+ 73. Rxf1+ exf1Q+ 74. Kxf1 Kxg4 75. Kg2 h4 76. Kf2 Kf4 77. Kg2 g4 78. Kf2 h3 79. Kg1 Kf3 80. Kh2 g3+ 81. Kh1 g2+ 82. Kg1 h2+ 83. Kxh2 Kf2 84. Kh3 g1Q 85. Kh4 Qg6 86. Kh3 Qg3# 0-1

[Event "EU-ch Online U12"]
[Site "Tornelo INT"]
[Date "2020.09.20"]
[Round "9"]
[White "Milosavljevic, Teodor"]
[Black "Sazonov, Fedor"]
[Result "1-0"]
[WhiteElo "1691"]
[BlackElo "1454"]
[PlyCount "71"]
[EventDate "2020.09.18"]
[EventType "swiss (rapid)"]
[EventRounds "9"]
[EventCountry "ENG"]
[SourceTitle "EXT 2023"]
[Source "ChessBase"]
[SourceDate "2022.10.05"]
[SourceVersion "1"]
[SourceVersionDate "2022.10.05"]
[SourceQuality "1"]
[WhiteTeam "Serbia"]
[BlackTeam "Belgien"]
[WhiteTeamCountry "SRB"]
[BlackTeamCountry "BEL"]

1. e4 c5 2. Nf3 d6 3. d4 cxd4 4. Nxd4 Nf6 5. Nc3 g6 6. Be3 Bg7 7. f3 0-0 8. g4 Nc6 9. Qd2 Bd7 10. h4 Nxd4 11. Bxd4 b5 12. 0-0-0 b4 13. Nd5 Nxd5 14. Bxg7 Kxg7 15. Qxd5 a5 16. h5 Rb8 17. Qd4+ Kg8 18. h6 f6 19. Bc4+ Kh8 20. g5 Qc8 21. gxf6 Rxf6 22. e5 dxe5 23. Qxe5 Bf5 24. Qxe7 Qf8 25. Qe5 Rc8 26. Bd3 Bxd3 27. Rxd3 Rc5 28. Qd4 Rcc6 29. Rhd1 Qxh6+ 30. Kb1 Qg7 31. Qd5 Qc7 32. Qg5 Rcd6 33. Qe5 Rc6 34. Rd8+ Kg7 35. R8d7+ Kh6 36. Rxc7 1-0

[Event "EU-ch Online U12"]
[Site "Tornelo INT"]
[Date "2020.09.19"]
[Round "5"]
[White "Kalin, Andrei"]
[Black "Sazonov, Fedor"]
[Result "0-1"]
[WhiteElo "1269"]
[BlackElo "1454"]
[PlyCount "34"]
[EventDate "2020.09.18"]
[EventType "swiss (rapid)"]
[EventRounds "9"]
[EventCountry "ENG"]
[SourceTitle "EXT 2023"]
[Source "ChessBase"]
[SourceDate "2022.10.05"]
[SourceVersion "1"]
[SourceVersionDate "2022.10.05"]
[SourceQuality "1"]
[WhiteTeam "Macedonia"]
[BlackTeam "Belgien"]
[WhiteTeamCountry "MKD"]
[BlackTeamCountry "BEL"]

1. e4 c5 2. c3 Nf6 3. e5 Nd5 4. d4 cxd4 5. Nf3 Nc6 6. cxd4 e6 7. Nc3 d6 8. Bd3 Nxc3 9. bxc3 dxe5 10. dxe5 Be7 11. 0-0 0-0 12. Qc2 h6 13. Qe2 Qc7 14. Qe4 f5 15. exf6 Rxf6 16. Qh7+ Kf7 17. Bb2 Ne5 0-1